La muerte del libro?

Salvato in:
Dettagli Bibliografici
Autore principale: Chartier, Roger (Autore)
Natura: Libro
Lingua:spagnolo
Pubblicazione: Santiago LOM 2010
Edizione:1a. ed
Serie:Libros del Ciudadano
Soggetti:
Tags: Aggiungi Tag
Nessun Tag, puoi essere il primo ad aggiungerne!!

MARC

LEADER 00000cam a2200000 a 4500
001 UCG6189
003 CL-VaPUC
008 110407e20100000CL |||||||||||||||||spa|d
020 |a 9789560001955 
082 0 4 |a 070  |b CHA  |2 21 
100 0 |a Chartier, Roger  |e author  |9 556224 
245 1 3 |a La muerte del libro? 
250 |a 1a. ed 
300 |a 35 p 
942 |c BK 
945 |d 20110407 00:00:00  |a jcampos 
260 |a Santiago  |b LOM  |c 2010 
650 7 |a PREDICCIONES  |2 CL-VaPUC  |9 260762 
650 0 |a Periodismo   |9 310113 
650 0 |a Libros  |9 334511 
583 |a last modification  |c 20120724 10:07:47  |k Rodrigo Vera 
490 0 |a Libros del Ciudadano 
999 |c 344463  |d 344461 
952 |0 0  |1 0  |4 0  |6 070_000000000000000_CHA_2010  |7 0  |8 C  |9 442445  |a BIBCUR  |b BIBCUR  |d 2019-11-22  |i 4763939  |o 070 CHA 2010  |p 4763939  |r 2025-04-22  |w 2019-11-22  |y BK  |k CAC 
952 |0 0  |1 0  |4 0  |6 070_000000000000000_CHA_2010  |7 0  |8 A  |9 442446  |a BIBING  |b BIBING  |d 2019-11-22  |i 4870891  |l 1  |o 070 CHA 2010  |p 4870891  |r 2025-01-20  |s 2022-05-11  |w 2019-11-22  |y BK  |k CUI